00782nam a2200181Ia 4500008004100000020001500041041001200056082001100068100001800079245004700097260002500144300000800169650000800177942000700185999001500192952019600207952019700403221030s9999 xx 000 0 und d a0070606560 aEnglish a105.23 aS. R. Mothiki 0aPulse & Digital Circuitscby S. R. Mothiki bTMHaNew Delhic2009 a670 aECE cBK c8977d8977 pBE 10660g290.00i83l0o105.23 eDurga Books, Amritsarr2024-06-13 00:00:00w2022-10-30yBK003Print4071aMIETLIBbMIETLIBcBL-Academic Block B, FL-1, CUP-76, SH-6, R-6d2010-03-1210HBE pBE 10661g290.00i83l0o105.23 eDurga Books, Amritsarr2024-06-13 00:00:00w2022-10-30yBK003Print4070aMIETLIBbMIETLIBcBL-Academic Block A, FL-1, CUP-121, SH-1, R-1d2010-03-1210HBE